1758 1369 1090 1798 1124 1118 1685 1281 1036 1477 1421 1497 1388 1947 1213 1214 1347 1061 1619 1796 1788 1772 1361 1972 1406 1956 1923 1242 1226 1223 1478 1409 1022 1261 1330 1385 1973 1590 1210 1731 1009 1442 1139 1243 1875 1805 1905 1176 1685 1569 1495 1132 1112 1802 1284 1938 1218 1225 1064 1723 1935 1291 1741 1767 1906 1441 1291 1869 1296 1725 1201 1875 1042 1778 1568 1046 1027 1342 1806 1193 1445 1111 1208 1138 1649 1085 1527 1270 1059 1677 1547 1129 1061 1342 1580 1578 1170 1761 1668 BCNSPRNW ULIB Ver.6.0+V

เปลี่ยนเป็นภาษาไทย

Change to English
 แสดงรายละเอียดบรรณานุกรม
  กลับหน้าหลัก

Brief Record : Get Marc (ISO 2709) : E-mail record : QR code < ปิดหน้าต่าง
LEADER : 00000nam 2200000uu 4500
001    13399127724
003     ULIB
008    210422s2563||||th 000 0 tha d
020 ^^ a9786160030880
050 ^^ aนว^bอ732บ
100 ^^ aอินเอวา
245 ^^ บุพเพร้อยร้าย/^cอินเอวา
250    ^aพิมพ์ครั้งที่ 4
260 ^^ aกรุงเทพฯ : ^bSugar Beat, ^c2563
300 ^^ a456 หน้า ; ^c21 ซม.
650 ^^ aนวนิยาย^zไทย
655 ^^ aนิยายรัก
945    ^p320^l0^i28883
999    ^aกัณชพร จุลอักษร
รายการนี้ยังไม่มีแท็ก
คุณยังไม่ได้ล็อกอิน คุณสามารถมีกิจกรรมร่วมกับเว็บไซต์ได้ แต่ต้องล็อกอินก่อน ::
  ล็อกอิน

รายการสื่อสารสนเทศ

ลำดับที่ ประเภท เลขเรียก/บาร์โค้ด สถานที่ สถานะ
1. วิทยาศาสตร์การแพทย์ และสุขภาพ
วิทยาศาสตร์การแพทย์ และสุขภาพ
aนว อ732บ ฉ.1 
  Barcode: 28883
ห้องสมุดวิทยาเขตนครสวรรค์
►นวนิยาย:l:Fiction
บนชั้น

BibComment


ยังไม่เคยถูกคอมเมนท์

คอมเมนท์ทรัพยากรรายการนี้
  คอมเมนท์: บุพเพร้อยร้าย อิน..


 Copyright 2026. Bcnsprnw @Library